00680nam a2200229Ia 450000500170000000800410001702000150005804000180007304100080009110000240009924500650012326000410018830000180022958600380024765000300028565000260031565000260034165000210036765000170038870000300040576500150043520211111074513.0130821s2006 ck gr spa  a9587044867 aCo-BoUCMbspa00aspa1 aPamuk, Orhand1952-13aEl libro negrocOrhan Pamuk ; traducción Rafael Carpintero aBogotá (Colombia)bAlfaguarac2006 a578 páginas aPremio Nobel de Literatura, 2006.04aAbogados en la literatura04aAmor en la literatura04aLiteratura asiática04aLiteratura turca04aNovela turca1 aCarpintero, Rafaeletrad. aKara Kitap